[Event "Rated Blitz game"]
[Site "?"]
[Date "2021.10.27"]
[Round "?"]
[White "ReinaldoR"]
[Black "Annali-annaliew1979"]
[Result "1-0"]
[WhiteElo "2535"]
[BlackElo "2471"]
[PlyCount "61"]
[EventDate "2021.??.??"]
[EventType "blitz"]

1. e4 e5 2. Nf3 d5 3. exd5 e4 4. Qe2 f5 5. d3 Nf6 6. Bg5 Be7 7. Bxf6 Bxf6 8.
Nc3 O-O 9. dxe4 Bxc3+ 10. bxc3 fxe4 11. Nd4 Qf6 12. Qe3 c5 13. Nb5 Na6 14. Bc4
Bd7 15. a4 Bxb5 16. axb5 Nb8 17. O-O Nd7 18. Qxe4 Nb6 19. Qd3 Kh8 20. d6 Rfd8
21. Rfd1 Nxc4 22. Qxc4 Rxd6 23. Qxc5 Rxd1+ 24. Rxd1 b6 25. Qc6 Qf8 26. Rd7 Rc8
27. Rc7 Rd8 28. g3 h6 29. h4 Qa3 30. Qg6 Qxc3 31. Rxc3 {Normal} 1-0

[Event "Rated Blitz game"]
[Site "?"]
[Date "2021.10.27"]
[Round "?"]
[White "chesssupersam"]
[Black "malcriado007"]
[Result "0-1"]
[WhiteElo "2457"]
[BlackElo "2557"]
[PlyCount "126"]
[EventDate "2021.??.??"]
[EventType "blitz"]

1. e4 e5 2. Nf3 d5 3. Nxe5 Bd6 4. d4 dxe4 5. Nc4 Nf6 6. Nc3 O-O 7. Be2 Bf5 8.
O-O h6 9. Be3 Nc6 10. Qd2 Kh7 11. a3 Ne7 12. Rad1 a6 13. Bf4 b5 14. Bxd6 cxd6
15. Ne3 Bg6 16. f3 d5 17. fxe4 Nxe4 18. Nxe4 Bxe4 19. Bd3 f5 20. Rde1 Rc8 21.
Rf2 Kg8 22. Ref1 Qd7 23. c3 Qe6 24. Bc2 g5 25. Bd1 Rcd8 26. Nc2 f4 27. Nb4 Qg6
28. Bc2 Nf5 29. Bxe4 dxe4 30. Qc2 Ne3 31. Qb3+ Kh8 32. Re1 Nc4 33. Qc2 Rde8 34.
b3 Ne3 35. Qb1 a5 36. Nc2 Nd5 37. c4 bxc4 38. bxc4 e3 39. Rff1 Nc3 40. Qb2 Ne4
41. d5+ Kh7 42. Nd4 Qf6 43. Rd1 Kg6 44. Qc2 Kh5 45. Ne6 Rxe6 46. dxe6 Qxe6 47.
Qe2+ Kg6 48. h3 Rc8 49. Qg4 Qxg4 50. hxg4 Rxc4 51. Rd5 a4 52. Rb5 Nd2 53. Rb6+
Kg7 54. Re1 Rc3 55. Rb7+ Kf6 56. Ra7 Rxa3 57. Rd1 Ra2 58. Re1 Ke5 59. Rc1 Ke4
60. Rcc7 Kd3 61. Re7 Ke2 62. Red7 f3 63. Rh7 f2+ {Time forfeit} 0-1

[Event "Rated Blitz game"]
[Site "?"]
[Date "2021.10.27"]
[Round "?"]
[White "janqis"]
[Black "Schachelite"]
[Result "1-0"]
[WhiteElo "2419"]
[BlackElo "2465"]
[PlyCount "77"]
[EventDate "2021.??.??"]
[EventType "blitz"]

1. e4 e5 2. Nf3 d5 3. Nxe5 Bd6 4. d4 dxe4 5. Bc4 Bxe5 6. dxe5 Qxd1+ 7. Kxd1 Nc6
8. c3 Nxe5 9. Be2 Bg4 10. h3 O-O-O+ 11. Ke1 Bxe2 12. Kxe2 Nf6 13. Na3 Rd3 14.
Bf4 Ng6 15. Bg5 Rhd8 16. Rad1 c6 17. Nc4 Rxd1 18. Rxd1 Rxd1 19. Kxd1 Ne8 20. g3
b5 21. Na5 Kd7 22. Nb3 f5 23. Be3 a5 24. Nxa5 Nd6 25. b3 Ne5 26. Kd2 g6 27. Bc5
Nf3+ 28. Ke3 Nf7 29. h4 N7e5 30. Bd4 Nd3 31. c4 Nde1 32. Bc3 Nc2+ 33. Kf4 bxc4
34. Nxc4 Ke6 35. a4 Ng1 36. Kg5 Kf7 37. a5 Nh3+ 38. Kh6 Kg8 39. a6 {Normal} 1-0

[Event "Rated Blitz game"]
[Site "?"]
[Date "2021.10.27"]
[Round "?"]
[White "tucoperez"]
[Black "Schachelite"]
[Result "0-1"]
[WhiteElo "2443"]
[BlackElo "2444"]
[PlyCount "60"]
[EventDate "2021.??.??"]
[EventType "blitz"]

1. e4 e5 2. Nf3 d5 3. Nxe5 Bd6 4. d4 dxe4 5. Nc4 Nf6 6. Nxd6+ Qxd6 7. Be2 Nc6
8. Be3 O-O 9. c4 Rd8 10. d5 Ne5 11. h3 Bf5 12. Nc3 Nd3+ 13. Bxd3 exd3 14. O-O
c6 15. c5 Qe5 16. d6 b6 17. Na4 Nd5 18. Bg5 f6 19. Re1 Qd4 20. Qf3 fxg5 21.
Qxf5 Qxa4 22. Qe6+ Kh8 23. Re4 Nf4 24. Qe7 Qc2 25. Rae1 Ne2+ 26. Kh2 Qxc5 27.
Re6 Qxf2 28. d7 Qg3+ 29. Kh1 Qxe1+ 30. Kh2 Qg1# {Normal} 0-1

[Event "Rated Blitz game"]
[Site "?"]
[Date "2021.10.27"]
[Round "?"]
[White "Nenidon_Andriy"]
[Black "Benny_Watts_2005"]
[Result "1-0"]
[WhiteElo "2597"]
[BlackElo "2435"]
[PlyCount "51"]
[EventDate "2021.??.??"]
[EventType "blitz"]

1. e4 e5 2. Nf3 d5 3. d4 dxe4 4. Nxe5 Bd6 5. Nc4 Nc6 6. Nxd6+ Qxd6 7. c3 Nf6 8.
Be2 Bf5 9. Na3 O-O 10. O-O Rad8 11. Nc4 Qd7 12. Bg5 Qe6 13. Ne3 Rd7 14. Bxf6
Qxf6 15. Nxf5 Qxf5 16. Bg4 Qd5 17. Bxd7 Qxd7 18. f3 e3 19. Qd3 Re8 20. Rfe1 Qe6
21. d5 Qd6 22. Rxe3 Ne5 23. Qd4 c5 24. dxc6 Qxd4 25. cxd4 Nxf3+ 26. Rxf3 {
Normal} 1-0

[Event "Rated Blitz game"]
[Site "?"]
[Date "2021.10.27"]
[Round "?"]
[White "Miesov"]
[Black "Engvangchess"]
[Result "0-1"]
[WhiteElo "2434"]
[BlackElo "2391"]
[PlyCount "84"]
[EventDate "2021.??.??"]
[EventType "blitz"]

1. e4 e5 2. Nf3 d5 3. Nxe5 Bd6 4. d4 dxe4 5. Bc4 Bxe5 6. Qh5 Qe7 7. Qxe5 Nc6 8.
Qxe7+ Ngxe7 9. c3 O-O 10. O-O h6 11. Nd2 Bf5 12. f3 exf3 13. Nxf3 Ng6 14. Bd2
a6 15. Rae1 Rfe8 16. h3 Kf8 17. Bb3 Rxe1 18. Rxe1 Re8 19. Rxe8+ Kxe8 20. c4 Be4
21. d5 Bxf3 22. gxf3 Nd4 23. Bd1 Ne5 24. f4 Nef3+ 25. Kf2 Nxd2 26. Ke3 Nxc4+
27. Kxd4 Nxb2 28. Bc2 b5 29. Kc5 Kd7 30. Bf5+ Kd8 31. Kc6 Na4 32. a3 Nc3 33.
Bc2 g6 34. f5 g5 35. f6 a5 36. Kc5 b4 37. axb4 axb4 38. Kc4 Kd7 39. Bf5+ Kd6
40. Be6 fxe6 41. f7 Ke7 42. dxe6 c5 {Normal} 0-1

[Event "Rated Blitz tournament FmASe0M3"]
[Site "?"]
[Date "2021.10.27"]
[Round "?"]
[White "Ucok-medan"]
[Black "daelovaaa"]
[Result "0-1"]
[WhiteElo "2295"]
[BlackElo "2487"]
[PlyCount "58"]
[EventDate "2021.??.??"]
[EventType "blitz"]

1. e4 e5 2. Nf3 d5 3. Nxe5 dxe4 4. Bc4 Qg5 5. Nxf7 Qxg2 6. Rf1 Bg4 7. f3 exf3
8. Rf2 Qg1+ 9. Bf1 Kxf7 10. c3 Nc6 11. Qb3+ Kg6 12. Qxb7 Re8+ 13. Kd1 Qxf2 14.
Qxc6+ Nf6 15. Bd3+ Bf5 16. Bxf5+ Kxf5 17. Kc2 Qe2 18. Na3 Bxa3 19. bxa3 f2 20.
Bb2 f1=Q 21. Rxf1+ Qxf1 22. Qxc7 Qe2 23. Qxa7 Rd8 24. Bc1 Qd3+ 25. Kd1 Rhe8 26.
Qf2+ Kg6 27. h4 Ne4 28. Qg2+ Kf7 29. h5 Nxc3# {Normal} 0-1

[Event "Rated Blitz game"]
[Site "?"]
[Date "2021.10.27"]
[Round "?"]
[White "kaithcel30"]
[Black "Annali-annaliew1979"]
[Result "0-1"]
[WhiteElo "2311"]
[BlackElo "2454"]
[PlyCount "34"]
[EventDate "2021.??.??"]
[EventType "blitz"]

1. e4 e5 2. Nf3 d5 3. exd5 e4 4. Qe2 f5 5. d3 Nf6 6. Nc3 Bb4 7. Bg5 Bxc3+ 8.
bxc3 O-O 9. dxe4 fxe4 10. Bxf6 Qxf6 11. Nd4 c5 12. dxc6 Nxc6 13. Qc4+ Kh8 14.
O-O-O Bg4 15. Re1 Qxf2 16. Be2 Nxd4 17. Bxg4 Qxc2# {Normal} 0-1

[Event "Rated Blitz game"]
[Site "?"]
[Date "2021.10.27"]
[Round "?"]
[White "chicogrande"]
[Black "RCompany_1"]
[Result "0-1"]
[WhiteElo "2489"]
[BlackElo "2426"]
[PlyCount "114"]
[EventDate "2021.??.??"]
[EventType "blitz"]

1. e4 e5 2. Nf3 d5 3. Nxe5 Bd6 4. d4 dxe4 5. Nc4 Be7 6. Nc3 Nf6 7. Bf4 O-O 8.
Be2 Nc6 9. d5 Nb4 10. Ne3 Bc5 11. Bc4 c6 12. dxc6 Qxd1+ 13. Kxd1 Rd8+ 14. Kc1
Nxc6 15. Rd1 Nd4 16. Be5 Ng4 17. Nxg4 Bxg4 18. Re1 b5 19. Nxe4 Bb6 20. Bd3 Rac8
21. Kd2 Nxc2 22. Nd6 Nxe1 23. Nxc8 Nxd3 24. Ne7+ Kf8 25. Nc6 Nxe5+ 26. Nxd8
Bxd8 27. f3 Be6 28. Kc3 a5 29. Kd4 Nd7 30. Rd1 Bb6+ 31. Ke4 Ke7 32. g4 Bxa2 33.
h4 Bc4 34. f4 a4 35. f5 f6 36. g5 Bc7 37. g6 h6 38. Rd4 Be5 39. Rd2 Nc5+ 40.
Kf3 Nd3 41. Ke4 Nxb2 42. Rg2 a3 43. Rg1 a2 44. h5 Nd3 45. Ke3 a1=Q 46. Rxa1
Bxa1 47. Ke4 Be5 48. Ke3 Kd6 49. Kd2 Kd5 50. Kc2 Kd4 51. Kd1 b4 52. Ke2 b3 53.
Kf3 b2 54. Kg4 b1=Q 55. Kh3 Qc2 56. Kh4 Qf2+ 57. Kg4 Qg3# {Normal} 0-1

[Event "Rated Blitz tournament DcKJZR17"]
[Site "?"]
[Date "2021.10.27"]
[Round "?"]
[White "putri_kembar_css"]
[Black "KillJoy_BKD"]
[Result "1/2-1/2"]
[WhiteElo "2229"]
[BlackElo "2421"]
[PlyCount "164"]
[EventDate "2021.??.??"]
[EventType "blitz"]

1. e4 e5 2. Nf3 d5 3. Nxe5 Bd6 4. d4 dxe4 5. Nc4 Be7 6. Be2 Nf6 7. O-O O-O 8.
c3 Bf5 9. Ne3 Bg6 10. b3 c5 11. Bb2 cxd4 12. cxd4 Nc6 13. a3 Rc8 14. b4 Bd6 15.
Nd2 Bb8 16. g3 Nxd4 17. Re1 Nxe2+ 18. Qxe2 Re8 19. Ndc4 Qe7 20. Rad1 Rcd8 21.
Bxf6 Qxf6 22. Nd5 Qf5 23. Nce3 Qe6 24. Qb5 b6 25. Rd2 h5 26. Red1 h4 27. Nf4
Qe7 28. Nxg6 fxg6 29. Rxd8 Rxd8 30. Rxd8+ Qxd8 31. Qc4+ Kh7 32. Qxe4 hxg3 33.
hxg3 Qg5 34. Kg2 Bd6 35. a4 a5 36. b5 Bc5 37. Nd5 Qf5 38. Qh4+ Qh5 39. Qxh5+
gxh5 40. f3 Kh6 41. Nf4 g5 42. Ne6 Be3 43. f4 gxf4 44. gxf4 Kg6 45. Kf3 Bg1 46.
Ng5 Kf5 47. Ne4 h4 48. Nd6+ Ke6 49. Ne4 h3 50. Ng5+ Kf5 51. Nxh3 Bc5 52. Ng5
Bd6 53. Nh3 Bc7 54. Ke3 Bd6 55. Kd4 Kg4 56. Nf2+ Kxf4 57. Ne4 Bc7 58. Kd5 Kf5
59. Nd6+ Kf6 60. Nc4 Ke7 61. Kc6 Bg3 62. Nxb6 Be1 63. Nc4 Kd8 64. Kb7 Kd7 65.
Ka6 Bc3 66. Nxa5 Bd4 67. Nb3 Bg1 68. b6 Kc8 69. Kb5 Kb8 70. a5 Bf2 71. a6 Ka8
72. Na5 Kb8 73. Nc6+ Kc8 74. b7+ Kd7 75. b8=Q Ke6 76. Qe8+ Kf5 77. Qf7+ Kg4 78.
Qxf2 Kh5 79. a7 Kg6 80. a8=Q Kh7 81. Qaf8 Kg6 82. Qg2+ Kh5 {Time forfeit}
1/2-1/2

[Event "Rated Blitz game"]
[Site "?"]
[Date "2021.10.27"]
[Round "?"]
[White "jlkinglion"]
[Black "Schachelite"]
[Result "0-1"]
[WhiteElo "2382"]
[BlackElo "2464"]
[PlyCount "74"]
[EventDate "2021.??.??"]
[EventType "blitz"]

1. e4 e5 2. Nf3 d5 3. Nc3 dxe4 4. Nxe4 f5 5. Ng3 Bd6 6. d4 e4 7. Ng5 Be7 8. h4
Bxg5 9. Bxg5 Nf6 10. Bc4 Nc6 11. c3 Qe7 12. Qb3 h6 13. Bf4 b6 14. Bb5 Bd7 15.
O-O-O g6 16. h5 g5 17. Bxc6 Bxc6 18. Nxf5 Qd7 19. Be5 Qxf5 20. g4 Qxg4 21. Bxf6
Qf4+ 22. Kb1 Qxf6 23. d5 Bd7 24. d6 cxd6 25. Qd5 Rd8 26. Rhe1 Bf5 27. Re3 Qe5
28. Qb7 O-O 29. Qxa7 Qc5 30. Qe7 d5 31. Qe5 Qd6 32. Qd4 Bg4 33. Rd2 Bxh5 34. a4
Bf7 35. f3 exf3 36. Rxf3 Bg6+ 37. Ka1 Rxf3 {Normal} 0-1

[Event "Rated Blitz game"]
[Site "?"]
[Date "2021.10.27"]
[Round "?"]
[White "cyrus1982"]
[Black "stayhomesafe"]
[Result "1-0"]
[WhiteElo "2407"]
[BlackElo "2286"]
[PlyCount "87"]
[EventDate "2021.??.??"]
[EventType "blitz"]

1. e4 e5 2. Nf3 d5 3. d4 dxe4 4. Nxe5 Bd6 5. Bc4 Bxe5 6. Qh5 Qf6 7. dxe5 Qg6 8.
Qxg6 hxg6 9. Nc3 Ne7 10. Nxe4 Nbc6 11. Bf4 Bf5 12. Bd3 Nd5 13. Bg3 O-O 14.
O-O-O Rfe8 15. f4 Ndb4 16. Kb1 Nxd3 17. cxd3 Nd4 18. Bf2 Rad8 19. h3 b6 20. g4
Bc8 21. Rc1 c5 22. Rhe1 Ba6 23. Rcd1 Nc6 24. Nd6 Re7 25. a3 f6 26. Bg3 Nd4 27.
Ne4 Nf3 28. Re3 Nd4 29. exf6 Re6 30. fxg7 Kxg7 31. Bh4 Rde8 32. Bg5 Bxd3+ 33.
Rdxd3 Rxe4 34. Rxe4 Rxe4 35. h4 Re1+ 36. Ka2 Rg1 37. h5 Rxg4 38. h6+ Kh7 39.
Re3 Nf5 40. Re8 Rg2 41. Bf6 g5 42. fxg5 Kg6 43. Rg8+ Kf7 44. h7 {Normal} 1-0

[Event "Rated Blitz game"]
[Site "?"]
[Date "2021.10.27"]
[Round "?"]
[White "Nichirin_demon666"]
[Black "Annali-annaliew1979"]
[Result "0-1"]
[WhiteElo "2309"]
[BlackElo "2477"]
[PlyCount "33"]
[EventDate "2021.??.??"]
[EventType "blitz"]

1. e4 e5 2. Nf3 d5 3. exd5 e4 4. Qe2 f5 5. d3 Nf6 6. Nc3 Bb4 7. Bd2 Bxc3 8.
Bxc3 O-O 9. Bxf6 Qxf6 10. dxe4 Qxb2 11. Rd1 fxe4 12. Nd4 Nd7 13. Qxe4 Nc5 14.
Qh4 Qc3+ 15. Rd2 Re8+ 16. Be2 Ne4 17. Nf3 {Normal} 0-1

[Event "Rated Blitz game"]
[Site "?"]
[Date "2021.10.27"]
[Round "?"]
[White "Miyu111"]
[Black "RCompany_1"]
[Result "0-1"]
[WhiteElo "2481"]
[BlackElo "2419"]
[PlyCount "48"]
[EventDate "2021.??.??"]
[EventType "blitz"]

1. e4 e5 2. Nf3 d5 3. d4 dxe4 4. Nxe5 Bd6 5. Qh5 Be6 6. Bb5+ c6 7. Be2 Nf6 8.
Qg5 O-O 9. O-O Nbd7 10. Nxd7 Qxd7 11. c3 h6 12. Qh4 Nd5 13. Qxe4 Rae8 14. Qf3
f5 15. Bd3 f4 16. h3 b5 17. a3 Bf5 18. Nd2 Nf6 19. Bxf5 Qxf5 20. Qxc6 Re6 21.
Qa6 f3 22. Qb7 fxg2 23. Qxg2 Nh5 24. Nb3 Rg6 {Normal} 0-1

[Event "Rated Blitz game"]
[Site "?"]
[Date "2021.10.27"]
[Round "?"]
[White "Penguin_gm"]
[Black "King_bg03"]
[Result "1/2-1/2"]
[WhiteElo "2570"]
[BlackElo "2572"]
[PlyCount "135"]
[EventDate "2021.??.??"]
[EventType "blitz"]

1. e4 e5 2. Nf3 d5 3. exd5 e4 4. Qe2 Qe7 5. Nd4 Nf6 6. Nc3 Nbd7 7. d3 exd3 8.
Qxe7+ Bxe7 9. Bxd3 Nb6 10. Ndb5 Nbxd5 11. Bg5 Bb4 12. O-O-O Bxc3 13. bxc3 a6
14. Rhe1+ Be6 15. c4 axb5 16. cxd5 Nxd5 17. Bxb5+ c6 18. Rxd5 cxb5 19. Rxb5
Rxa2 20. Rxb7 O-O 21. Rb2 Ra5 22. Be3 Rc8 23. Kd2 Rd5+ 24. Ke2 Bf5 25. Rc1 h5
26. h3 Kh7 27. Kf3 Rc4 28. Ke2 h4 29. c3 Bd3+ 30. Ke1 Be4 31. Rd2 Rxd2 32. Kxd2
Bxg2 33. Kd3 Ra4 34. Bd4 Bxh3 35. Rh1 Bf5+ 36. Ke3 g5 37. f4 f6 38. Bxf6 gxf4+
39. Kf2 h3 40. Bd4 Ra2+ 41. Kf3 Bd7 42. Kxf4 Rg2 43. Re1 Kg6 44. Rh1 Kh5 45.
Ke5 Kg4 46. Kd6 Ba4 47. c4 Rd2 48. Kd5 h2 49. Kc5 Kh3 50. Be5 Rg2 51. Kb6 Rc2
52. c5 Be8 53. Bxh2 Kg2 54. Re1 Ba4 55. Bd6 Rb2+ 56. Kc7 Rc2 57. Re4 Bb5 58.
Kb6 Be2 59. Re5 Bf3 60. Be7 Kf2 61. Re6 Rb2+ 62. Kc7 Rb7+ 63. Kd6 Rb1 64. c6
Rd1+ 65. Kc7 Rc1 66. Kd7 Rxc6 67. Rxc6 Bxc6+ 68. Kxc6 {Normal} 1/2-1/2

[Event "Rated Blitz game"]
[Site "?"]
[Date "2021.10.27"]
[Round "?"]
[White "lareinedesneiges"]
[Black "King_bg03"]
[Result "1-0"]
[WhiteElo "2588"]
[BlackElo "2566"]
[PlyCount "27"]
[EventDate "2021.??.??"]
[EventType "blitz"]

1. e4 e5 2. Nf3 d5 3. Nc3 dxe4 4. Nxe4 f5 5. Nxe5 fxe4 6. Qh5+ g6 7. Nxg6 hxg6
8. Qxh8 Nf6 9. d3 Bf5 10. Bg5 Nbd7 11. O-O-O exd3 12. Bxd3 Bxd3 13. Rxd3 Qe7
14. Re3 {Normal} 1-0

[Event "Rated Blitz game"]
[Site "?"]
[Date "2021.10.27"]
[Round "?"]
[White "elmedallo"]
[Black "malcriado007"]
[Result "0-1"]
[WhiteElo "2448"]
[BlackElo "2544"]
[PlyCount "68"]
[EventDate "2021.??.??"]
[EventType "blitz"]

1. e4 e5 2. Nf3 d5 3. Nc3 d4 4. Ne2 f6 5. Ng3 Nc6 6. Bc4 Bc5 7. h3 Nge7 8. a3
a5 9. d3 Rb8 10. a4 Bb4+ 11. Nd2 Qd6 12. Qh5+ Ng6 13. Nf5 Qf8 14. O-O Nce7 15.
f4 Kd8 16. fxe5 Nxe5 17. Nxe7 Qxe7 18. Bb3 Be6 19. Nc4 Nxc4 20. dxc4 Qc5 21.
Qxc5 Bxc5 22. Bd2 b6 23. Kh1 Ke7 24. Rae1 Bd6 25. c3 c5 26. cxd4 cxd4 27. e5
fxe5 28. Bg5+ Kd7 29. c5 bxc5 30. Bxe6+ Kxe6 31. Rf3 Rxb2 32. Ref1 h6 33. Bh4
Rhb8 34. Rf7 Rb1 {Normal} 0-1

[Event "Rated Blitz game"]
[Site "?"]
[Date "2021.10.27"]
[Round "?"]
[White "Apuwins"]
[Black "khalid_ontawar"]
[Result "1-0"]
[WhiteElo "2414"]
[BlackElo "2439"]
[PlyCount "53"]
[EventDate "2021.??.??"]
[EventType "blitz"]

1. e4 e5 2. Nf3 d5 3. d4 dxe4 4. Nxe5 Be6 5. Nc3 Nf6 6. Bg5 Be7 7. Qd2 Nbd7 8.
O-O-O Bb4 9. a3 Bxc3 10. Qxc3 O-O 11. Bc4 c6 12. Bxe6 fxe6 13. Qb3 h6 14. Bxf6
Rxf6 15. Qxb7 Rb8 16. Qxd7 Qb6 17. b3 Rxf2 18. Rd2 Rf6 19. Qxc6 Qa5 20. a4 Qb4
21. Nd7 Qa3+ 22. Kb1 e3 23. Nxf6+ gxf6 24. Qxe6+ Kg7 25. Qxe3 Qxa4 26. Qg3+ Kh7
27. Qxb8 {Normal} 1-0

[Event "Rated Blitz game"]
[Site "?"]
[Date "2021.10.27"]
[Round "?"]
[White "z2win"]
[Black "Razario90"]
[Result "0-1"]
[WhiteElo "2405"]
[BlackElo "2395"]
[PlyCount "84"]
[EventDate "2021.??.??"]
[EventType "blitz"]

1. e4 e5 2. Nf3 d5 3. d4 dxe4 4. Nxe5 Bd6 5. Nc4 Nf6 6. Be2 O-O 7. O-O Re8 8.
Re1 Nc6 9. c3 h6 10. h3 Bf5 11. Nbd2 Bf8 12. Ne3 Bg6 13. Qb3 Rb8 14. a4 a6 15.
a5 Ne7 16. Ndc4 Nc6 17. Qa4 Nd5 18. Nxd5 Qxd5 19. Ne3 Qd8 20. Bc4 Kh7 21. Qb3
f5 22. Bf7 Re7 23. Bxg6+ Kxg6 24. Qd1 Qd7 25. Qc2 Rbe8 26. Bd2 Kh7 27. f3 g6
28. fxe4 Rxe4 29. Nf1 Rxe1 30. Bxe1 Qd5 31. b4 Qc4 32. Qf2 Re2 33. Qf3 Re4 34.
Ng3 Nxd4 35. cxd4 Qxd4+ 36. Kh2 Qxa1 37. Nxe4 fxe4 38. Qxe4 Bd6+ 39. g3 Qb2+
40. Kg1 Qe5 41. Qxe5 Bxe5 42. Kg2 Bd6 {Time forfeit} 0-1

[Event "Rated Blitz game"]
[Site "?"]
[Date "2021.10.27"]
[Round "?"]
[White "The_whip"]
[Black "Annali-annaliew1979"]
[Result "1-0"]
[WhiteElo "2483"]
[BlackElo "2483"]
[PlyCount "61"]
[EventDate "2021.??.??"]
[EventType "blitz"]

1. e4 e5 2. Nf3 d5 3. Nxe5 Qe7 4. d4 f6 5. Qh5+ g6 6. Nxg6 Qxe4+ 7. Be3 Qxg6 8.
Qxd5 Ne7 9. Qb3 Nbc6 10. Nc3 Bf5 11. Qxb7 Rb8 12. Qxc7 Rxb2 13. Nb5 Kf7 14.
Bc4+ Kg7 15. O-O Rxc2 16. Bb3 Be4 17. Qg3 Rb2 18. Nd6 Qxg3 19. hxg3 Bd5 20. Bc1
Re2 21. Bd1 Re6 22. Ne8+ Kf7 23. Nc7 Rd6 24. Bh5+ Ng6 25. Be2 Nxd4 26. Bd3 Bc6
27. Ba3 Rd7 28. Bc4+ Kg7 29. Ne8+ Kh6 30. Bc1+ Kh5 31. Nxf6# {Normal} 1-0

[Event "Rated Blitz game"]
[Site "?"]
[Date "2021.10.27"]
[Round "?"]
[White "HelloLarisa"]
[Black "King_bg03"]
[Result "0-1"]
[WhiteElo "2570"]
[BlackElo "2566"]
[PlyCount "64"]
[EventDate "2021.??.??"]
[EventType "blitz"]

1. e4 e5 2. Nf3 d5 3. exd5 e4 4. Qe2 Qe7 5. Nd4 Nf6 6. Nc3 Nbd7 7. d3 exd3 8.
Qxe7+ Bxe7 9. Bxd3 Nb6 10. Ndb5 Nbxd5 11. Nxd5 Nxd5 12. c4 Nb4 13. Be4 Na6 14.
Bf4 Bd8 15. O-O-O O-O 16. Rd2 c6 17. Nd6 Ba5 18. Re2 Be6 19. Nxb7 Bb6 20. b3 c5
21. Rd1 Rac8 22. a3 Bc7 23. Bxc7 Rxc7 24. Rd6 Nb8 25. f4 Re8 26. Bf3 Kf8 27. g4
Bxg4 28. Rxe8+ Kxe8 29. Bd5 Ke7 30. b4 Rxb7 31. bxc5 Rc7 32. Kd2 Rxc5 {Normal}
0-1

[Event "Rated Blitz game"]
[Site "?"]
[Date "2021.10.27"]
[Round "?"]
[White "granp9"]
[Black "GrandeGila"]
[Result "0-1"]
[WhiteElo "2385"]
[BlackElo "2515"]
[PlyCount "88"]
[EventDate "2021.??.??"]
[EventType "blitz"]

1. e4 e5 2. Nf3 d5 3. Nc3 dxe4 4. Nxe4 f5 5. Nxe5 Qe7 6. d4 fxe4 7. Qh5+ g6 8.
Nxg6 Nf6 9. Nxe7+ Nxh5 10. Nd5 Bd6 11. Be2 Ng7 12. Nf6+ Kf7 13. Nxe4 Re8 14.
Nxd6+ cxd6 15. Kd1 Bf5 16. c3 d5 17. g4 Be4 18. f3 Bg6 19. Bf4 Nc6 20. Kd2 Ne6
21. Bg3 h5 22. h3 Re7 23. h4 Rae8 24. Rae1 Na5 25. b4 Nc6 26. Bd3 Bxd3 27. Kxd3
Nf4+ 28. Kd2 Re2+ 29. Rxe2 Rxe2+ 30. Kd1 Rxa2 31. Re1 Nd3 32. Re2 Nb2+ 33. Kc2
Nc4+ 34. Kd3 Nxb4+ 35. cxb4 Ra3+ 36. Kc2 hxg4 37. Be1 gxf3 38. Rh2 Kg6 39. h5+
Kh6 40. Bf2 Ra2+ 41. Kc3 Re2 42. b5 b6 43. Kd3 Rd2+ 44. Kc3 Re2 {Time forfeit}
0-1

[Event "Rated Blitz game"]
[Site "?"]
[Date "2021.10.27"]
[Round "?"]
[White "bonsitorus"]
[Black "batasjon"]
[Result "1-0"]
[WhiteElo "2343"]
[BlackElo "2472"]
[PlyCount "35"]
[EventDate "2021.??.??"]
[EventType "blitz"]

1. e4 e5 2. Nf3 d5 3. d4 dxe4 4. Nxe5 Bd6 5. Nc4 Nf6 6. a3 O-O 7. Be2 Nc6 8. c3
Be7 9. Bf4 Nd5 10. Bg3 f5 11. Be5 Nxe5 12. Nxe5 c6 13. f4 Ne3 14. Qb3+ Nd5 15.
O-O Be6 16. Qxb7 Rc8 17. Nxc6 Bf6 18. Nxd8 {Time forfeit} 1-0

[Event "Rated Blitz game"]
[Site "?"]
[Date "2021.10.27"]
[Round "?"]
[White "hotspot123"]
[Black "khalid_ontawar"]
[Result "0-1"]
[WhiteElo "2318"]
[BlackElo "2452"]
[PlyCount "62"]
[EventDate "2021.??.??"]
[EventType "blitz"]

1. e4 e5 2. Nf3 d5 3. exd5 e4 4. Qe2 f6 5. Qxe4+ Be7 6. d3 Nd7 7. c4 b6 8. Nc3
Bb7 9. Bf4 Nc5 10. O-O-O Nxe4 11. dxe4 Bb4 12. Bd2 Bxc3 13. Bxc3 Ne7 14. Bd3
O-O 15. e5 fxe5 16. Nxe5 Ng6 17. Nxg6 hxg6 18. f3 Bc8 19. g4 Rxf3 20. h3 c6 21.
Be4 Rxc3+ 22. bxc3 Qd6 23. Kc2 Ba6 24. dxc6 Qa3 25. c7 Qxa2+ 26. Kc1 Rf8 27.
Rhf1 Rxf1 28. Rxf1 Qa1+ 29. Bb1 Qxc3+ 30. Bc2 Qxc4 31. Rd1 Qxc7 {Normal} 0-1

[Event "Rated Blitz game"]
[Site "?"]
[Date "2021.10.27"]
[Round "?"]
[White "PounrajR"]
[Black "larsental3"]
[Result "0-1"]
[WhiteElo "2227"]
[BlackElo "2405"]
[PlyCount "136"]
[EventDate "2021.??.??"]
[EventType "blitz"]

1. e4 e5 2. Nf3 d5 3. exd5 Bd6 4. d3 f5 5. c4 Nf6 6. Nc3 O-O 7. Be2 e4 8. dxe4
fxe4 9. Nd4 Be5 10. O-O Nbd7 11. Bg5 Qe8 12. Ne6 Rf7 13. Qc2 Nb6 14. Bxf6 Bxf6
15. Nxe4 Bxe6 16. Nxf6+ Rxf6 17. dxe6 Qxe6 18. Bf3 c6 19. Rfe1 Qxc4 20. Qxc4+
Nxc4 21. Re7 Rf7 22. Rxf7 Kxf7 23. b3 Ne5 24. Be4 g6 25. f4 Nd7 26. Rd1 Nf6 27.
Bd3 Ke7 28. Kf2 Rd8 29. h3 Nd5 30. Kf3 Nb4 31. Re1+ Kf6 32. Bc4 Rd7 33. Re6+
Kg7 34. a3 Nc2 35. Re5 b5 36. Be6 Rd3+ 37. Kf2 Nxa3 38. Rc5 Rd6 39. Bg4 Nb1 40.
Bf3 Nd2 41. Rxc6 Rxc6 42. Bxc6 Nxb3 43. Bxb5 Nd4 44. Ba6 Kf6 45. g4 h6 46. Ke3
Ne6 47. h4 Nc5 48. Bc4 a5 49. Kd4 Ne6+ 50. Ke4 Nc5+ 51. Kd4 Ne6+ 52. Ke4 a4 53.
g5+ hxg5 54. hxg5+ Ke7 55. Ke5 Nc5 56. Kd5 Nb3 57. Ke5 Nd2 58. Bd5 a3 59. f5
gxf5 60. Kxf5 Kf8 61. Kf6 Nf3 62. g6 Ke8 63. g7 Kd7 64. g8=Q Kd6 65. Qe6+ Kc5
66. Bxf3 Kd4 67. Qe4+ Kc3 68. Qe3+ Kb2 {Time forfeit} 0-1

[Event "Rated Blitz game"]
[Site "?"]
[Date "2021.10.27"]
[Round "?"]
[White "walaasarwat"]
[Black "ibrahim_karpove2711"]
[Result "0-1"]
[WhiteElo "2409"]
[BlackElo "2340"]
[PlyCount "48"]
[EventDate "2021.??.??"]
[EventType "blitz"]

1. e4 e5 2. Nf3 d5 3. exd5 e4 4. Qe2 f5 5. d3 Nf6 6. dxe4 fxe4 7. Bg5 Bb4+ 8.
c3 O-O 9. Nd4 Be7 10. Ne6 Bxe6 11. dxe6 Qd5 12. Bxf6 Rxf6 13. Nd2 Rxe6 14. Qc4
Qe5 15. Qb3 e3 16. fxe3 Qxe3+ 17. Kd1 Kh8 18. Qxb7 Bg5 19. Nc4 Qe1+ 20. Kc2
Qf2+ 21. Kb3 Qf7 22. Qxa8 Rb6+ 23. Kc2 Qf2+ 24. Kd1 Rxb2 {Time forfeit} 0-1

[Event "Rated Blitz game"]
[Site "?"]
[Date "2021.10.27"]
[Round "?"]
[White "maminatetka"]
[Black "RCompany_1"]
[Result "1-0"]
[WhiteElo "2466"]
[BlackElo "2417"]
[PlyCount "95"]
[EventDate "2021.??.??"]
[EventType "blitz"]

1. e4 e5 2. Nf3 d5 3. Nc3 d4 4. Nb1 f6 5. d3 c5 6. Nxe5 fxe5 7. Qh5+ Ke7 8.
Qxe5+ Be6 9. Qxc5+ Kf7 10. Qb5 Qd7 11. Qxd7+ Nxd7 12. b3 Bb4+ 13. Bd2 Bd6 14.
Be2 Rc8 15. Bd1 Ngf6 16. h3 h5 17. O-O g5 18. Bxg5 Rhg8 19. f4 Nh7 20. h4 Bg4
21. Bxg4 hxg4 22. Nd2 Rxc2 23. Nc4 Bb4 24. e5 b5 25. Nd6+ Bxd6 26. exd6 Nxg5
27. fxg5+ Ke6 28. Rf4 Kxd6 29. Rxd4+ Kc7 30. Rxg4 Re8 31. h5 Ne5 32. Rg3 Rh8
33. h6 Ng6 34. Rf1 Rc6 35. Rf6 a5 36. Rxc6+ Kxc6 37. Rf3 Kd5 38. Rf6 Ne5 39.
Rb6 Kc5 40. Re6 Nxd3 41. g6 Rxh6 42. g7 Rxe6 43. g8=Q Re1+ 44. Kh2 Re2 45. Qg5+
Kb4 46. Qg4+ Ka3 47. Qxe2 Nb4 48. Qxb5 {Normal} 1-0

[Event "Rated Blitz game"]
[Site "?"]
[Date "2021.10.27"]
[Round "?"]
[White "DrDottie"]
[Black "Annali-annaliew1979"]
[Result "0-1"]
[WhiteElo "2344"]
[BlackElo "2467"]
[PlyCount "22"]
[EventDate "2021.??.??"]
[EventType "blitz"]

1. e4 e5 2. Nf3 d5 3. Nxe5 Qe7 4. d4 f6 5. Qh5+ g6 6. Nxg6 Qxe4+ 7. Be2 Qxg6 8.
Qxd5 Ne7 9. Qc5 Qxg2 10. Bh5+ Ng6 11. Rf1 Bxc5 {Normal} 0-1